Name Some Countries Who Want Independence. - Statistics

General Stats
  • This quiz has been taken 26 times
  • The average score is 4 of 8
Answer Stats
Hint Answer % Correct
Spain Catalonia
100%
India Kashmir
84%
China Tibet
84%
Morocco Western sahara
84%
India Assam
20%
India Nagaland
8%
India Khalistan
0%
Syria/iran/iraq/turkey Kudristan
0%
No matching quizzes found
Score Distribution
Percent of People with Each Score
Percentile by Number Answered
Your Score History
You have not taken this quiz